00447nam a2200181Ia 450000500170000000800410001704000190005804100120007708200160008910000150010524500410012026000260016130000110018744000200019850400190021865000180023785000100025520240805113852.0131103s9999 xx 000 0 und d aLoreto College aEnglish a822.07bWAY aWay, Brian aDevelopment through dramacBrian Way aLondonbLongmanc1967 a308p.  aEducation Today aIncludes index aEnglish drama aLCBED